Studies in inequality and social justice : (Record no. 37994)

MARC details
000 -LEADER
fixed length control field 00729nam a22001937a 4500
005 - DATE AND TIME OF LATEST TRANSACTION
control field 20100727162859.0
010 ## - LCCN (DPL NO)
LC control number ENG-97193
020 ## - INTERNATIONAL STANDARD BOOK NUMBER
International Standard Book Number 9788188555338
Terms of availability 650.00
035 ## - SYSTEM CONTROL NUMBER
System control number EN-80726
037 ## - SOURCE OF ACQUISITION
Source of stock number/acquisition DBAD/PUB
082 ## - DEWEY DECIMAL CLASSIFICATION NUMBER
Classification number 361.1
245 ## - TITLE STATEMENT
Title Studies in inequality and social justice :
Remainder of title essays in honor of Ved Pakash Vatuk /
Statement of responsibility, etc edited by Kira Hall
260 ## - PUBLICATION, DISTRIBUTION, ETC. (IMPRINT)
Place of publication, distribution, etc Meerut
Name of publisher, distributor, etc Archana publications
Date of publication, distribution, etc 2009
270 ## - ADDRESS
Address 57-A, New Arya Nagar, Jail Road
City Meerut
Postal code 250004
300 ## - PHYSICAL DESCRIPTION
Extent xlvi, 449 p.
Dimensions 21 Cm (Hb)
700 ## - ADDED ENTRY--PERSONAL NAME
Personal name Hall, Kira
9 (RLIN) 1949
942 ## - ADDED ENTRY ELEMENTS (KOHA)
Source of classification or shelving scheme Dewey Decimal Classification
Item type English Books
Classification part 361.1
Call number suffix STU
Holdings
Withdrawn status Lost status Not for loan Collection code Home library Current library Date acquired Source of acquisition Cost, normal purchase price Full call number Barcode Copy number Cost, replacement price Koha item type
    Not For Loan Non-fiction D.B.Act.Division D.B.Act.Division 27/07/2010 DBAD/PUB 650.00 361.1 STU EN-80726 1 650.00 English Books

© Delhi Public Library
Hit Counter
free hit counter